| 000 | 00465nam a2200157 4500 | ||
|---|---|---|---|
| 001 | 5974 | ||
| 005 | 20181127180646.0 | ||
| 090 | 0 | 0 | _a954.98 L68p 2016 |
| 100 | 0 | 0 | _aLhendup, Karma. |
| 245 | 0 | 0 |
_aPreliminery examination : _bBCSE (RCSE) : for university graduates / _cKarma Lhendup. _h |
| 260 | 0 | 0 |
_aThimphu : _bPekhang enterprise, _c2016. |
| 300 | 0 | 0 | _a160 p. ; 25 cm. |
| 500 | _aBCSE 2016. | ||
| 650 |
_aBCSE examination. _v _x _y _z _2 |
||
| 650 | 0 | 0 |
_aExaminations -- Bhutan. _x |
| 999 |
_c5048 _d5048 |
||